002940000a2200073000450024500790000004100140007910000220009377301050011510aEspecies colombianas de Cryptognatha Mulsant ()0 aEspañol1 aChapin, Edward A.1 tRevista de la Academia Colombiana de Ciencias Exactas, Fisicas y Naturales332h46q231-234d1964g7